| 000 | 00414nam a2200169Ia 4500 | ||
|---|---|---|---|
| 008 | 260520s2024 xx 000 0 und d | ||
| 020 | _a978-93-6053-763-0 | ||
| 041 | _aeng | ||
| 082 | _a338.5/ARN | ||
| 100 | _aArnold , R A | ||
| 245 | _aMicroeconomics | ||
| 250 | _a14th ed | ||
| 260 |
_aDELHI _bCENGAGE LEARNING INDIA PVT LTD _c2024 |
||
| 300 | _a566p. | ||
| 500 | _aCat No: 14982 | ||
| 650 | _aECONOMICS | ||
| 999 |
_c1221788 _d1221788 |
||